000 00723nam a2200229 u 4500
005 20250430063806.0
008 071005s2005 cl r 000 0 spa d
020 _a9806915186
035 _aUPN01000152621
049 _aI
050 4 _aPZ78
_bQ8.74
100 1 _aQuintero Laplume, Armando
245 1 0 _a60 y algo más /
_cArmando Quintero Laplume ; il. Francisco Viloria.
260 _aBogotá :
_bEl Nacional,
_cc2005.
300 _a31 p. :
_bprincipalmente il. col.
440 0 _aBrújula de papel.
_pCiencias sociales ;
_v19
650 4 _aLITERATURA INFANTIL VENEZOLANA
_912650
651 4 _aVenezuela
_xHistoria
_912501
650 4 _aPeriodismo
_910230
700 1 _aViloria, Francisco,
_eil.
905 _aInfantil
999 _c124744
_d124744